000 00252nmm a2200085Ia 4500
008 220120s9999||||xx |||||||||||||||||und||
100 _aDigit
245 0 _aKeras, the sounds of space, games, MIT course, principles
260 _aCoorg Institute of Technology
999 _c140098
_d140098